000 00492 a2200169 4500
003 OSt
005 20231127161928.0
008 231127b |||||||| |||| 00| 0 eng d
020 _a9788122420142
040 _coclc
082 _a616.07
_bRAS/E
245 _aEssentials of animal physiology /
_cS C Rastogi
250 _a4th ed.
260 _aNew Delhi:
_bNew age International publishers,
_c2019.
300 _a578p
942 _2ddc
_cBK
_h616.07
_iRAS/E
_k616.07
_mRAS/E
999 _c43696
_d43696